The University of Zambia and the national manpower requirements (Record no. 60901)

MARC details
000 -LEADER
fixed length control field 00780nas a2200217 a 4500
008 - FIXED-LENGTH DATA ELEMENTS--GENERAL INFORMATION
fixed length control field 061103c19809999||||||||||||||||| || u
050 ## - LIBRARY OF CONGRESS CALL NUMBER
Classification number UNZA-IAS(05)ASR/29
100 ## - MAIN ENTRY--PERSONAL NAME
Personal name Shaw, Christopher P
245 14 - TITLE STATEMENT
Title The University of Zambia and the national manpower requirements
Statement of responsibility, etc. By Christopher P. Shaw
260 ## - PUBLICATION, DISTRIBUTION, ETC.
Place of publication, distribution, etc. Lusaka
Name of publisher, distributor, etc. University of Zambia
Date of publication, distribution, etc. 1980
300 ## - PHYSICAL DESCRIPTION
Extent 741-765pp.
350 ## - PRICE (NR) (BK AM CF MU VM SE) [OBSOLETE]
Price 0.00
362 1# - DATES OF PUBLICATION AND/OR SEQUENTIAL DESIGNATION
Dates of publication and/or sequential designation 30, Dec. 1980; 32, Dec. 1981; 33, June 1982
490 ## - SERIES STATEMENT
Series statement African Social Research
500 ## - GENERAL NOTE
General note Volume 29
650 #0 - SUBJECT ADDED ENTRY--TOPICAL TERM
Topical term or geographic name entry element SOCIOLOGY
650 ## - SUBJECT ADDED ENTRY--TOPICAL TERM
Topical term or geographic name entry element MANPOWER DEVELOPMENT--UNIVERSITY OF ZAMBIA
710 ## - ADDED ENTRY--CORPORATE NAME
Corporate name or jurisdiction name as entry element University of Zambia. Institute for African Studies
780 ## - PRECEDING ENTRY
Main entry heading Rhodes-Livingstone Journal of Human Problems in Central Africa
785 ## - SUCCEEDING ENTRY
Main entry heading African Social Research
Holdings
Withdrawn status Lost status Source of classification or shelving scheme Damaged status Not for loan Home library Current library Date acquired Total Checkouts Full call number Date last seen Price effective from Koha item type
          CBU-MAIN LIBRARY, KITWE. CBU-MAIN LIBRARY, KITWE. 11/30/2022   UNZA-IAS(05)ASR/29 11/30/2022 11/30/2022 MONOGRAPH